| 000 | 01110nam a22002777i 4500 | ||
|---|---|---|---|
| 003 | EG-ScBUE | ||
| 005 | 20240523123925.0 | ||
| 008 | 220731s2021 ua f 000 0 ara d | ||
| 017 | _a2021 / 7542 | ||
| 020 | _a9789779087245 | ||
| 040 |
_aEG-ScBUE _bara _erda _cEG-ScBUE _dEG-ScBUE |
||
| 082 | 0 | 4 |
_222 _a342.06 _bم ن ش |
| 100 | 1 |
_aمنشاوي، عصام الدين، _eمؤلف. |
|
| 245 | 1 | 2 |
_aالنيابة الإدارية : _bحصن العدالة بإرادة الشعب / _cالمستشار عصام الدين المنشاوي، رئيس هيئة النيابة الإدارية. |
| 250 | _aالطبعة الأولى. | ||
| 264 | 1 |
_aالقاهرة : _bالهيئة المصرية العامة للكتاب، _c2021. |
|
| 300 |
_a214 صفحة ؛ _c24 سم. |
||
| 336 |
_2rdacontent _aنص _btxt |
||
| 337 |
_2rdamedia _aبدون وسيط _bn |
||
| 338 |
_2rdacarrier _aمجلد _bnc |
||
| 490 | 0 | _aموسوعة الثقافة الإسلامية | |
| 541 |
_cDonation ; _aProf. Hassan Abdel Hamid. |
||
| 650 | 7 |
_aالفتاوى الشرعية. _2BUEsh |
|
| 655 | _vReading book | ||
| 942 | _2ddc | ||
| 999 |
_c30762 _d30733 |
||